000 00463nam a2200181Ia 4500
003 GCL
008 140319s9999 xx 000 0 eng d
040 _aGCL /
_cGCL
082 0 4 _a709.094
_bT V
100 1 _aTREUHERZ, JULIAN
245 1 0 _aVICTORIAN PAINTING /
_cTREUHERZ, JULIAN
260 _a[S.N] :
_bTHAMES AND HUDSON ،
_c1993
650 0 4 _aARTS
650 0 4 _aHISTORY AND CRITICISM
650 0 4 _aPAINTING
650 0 4 _aART, VICTORIAN
942 _2ddc
_cBK
999 _c18779
_d18779